书目信息 |
| 题名: |
海道测量实用潮汐
|
|
| 作者: | 肖付民 编著 | |
| 分册: | ||
| 出版信息: | 北京 测绘出版社 2018.08 |
|
| 页数: | 255页 | |
| 开本: | 24cm | |
| 丛书名: | 现代测绘理论与技术丛书 | |
| 单 册: | ||
| 中图分类: | U675.4 | |
| 科图分类: | ||
| 主题词: | 海道--hai dao--航道测量--潮汐观测 | |
| 电子资源: | ||
| ISBN: | 978-7-5030-4079-5 | |
| 000 | 01241nam 2200301 450 | |
| 001 | CAL 0120182596186 | |
| 005 | 20181031140619.1 | |
| 010 | @a978-7-5030-4079-5@dCNY68.00 | |
| 100 | @a20181029d2018 em y0chiy50 ea | |
| 101 | 0 | @achi@eeng |
| 102 | @aCN@b110000 | |
| 105 | @aak a 001yy | |
| 106 | @ar | |
| 200 | 1 | @a海道测量实用潮汐@Ahai dao ce liang shi yong chao xi@d= Practical tide for hydrography@f肖付民 ... [等] 编著@Fxiao fu min ... [ deng ] bian zhu@zeng |
| 210 | @a北京@c测绘出版社@d2018.08 | |
| 215 | @a255页@c图@d24cm | |
| 225 | 2 | @a现代测绘理论与技术丛书@Axian dai ce hui li lun yu ji shu cong shu |
| 300 | @a测绘地理信息科技出版资金资助 | |
| 320 | @a有书目 (第246-247页) 和索引 | |
| 330 | @a本书较系统地论述了海道测量中潮汐及水位和潮流的观测、潮汐数据处理及潮汐参数计算的理论与方法、海道测量基准确定方法、观测手段基本原理等。全书共8章, 内容包括: 绪论、潮汐基础、水位观测与数据整理、海流与潮流现象及其观测等。 | |
| 410 | 0 | @12001 @a现代测绘理论与技术丛书 |
| 510 | 1 | @aPractical tide for hydrography@zeng |
| 586 | @a | |
| 606 | 0 | @a海道@Ahai dao@x航道测量@x潮汐观测 |
| 690 | @aU675.4@v5 | |
| 701 | 0 | @a肖付民@Axiao fu min@4编著 |
| 801 | 0 | @aCN@c20181029 |
| 905 | @a河南城建学院图书馆@dU675.4@eX313@f2 | |
| 海道测量实用潮汐= Practical tide for hydrography/肖付民 ... [等] 编著.-北京:测绘出版社,2018.08 |
| 255页:图;24cm.-(现代测绘理论与技术丛书) |
| 测绘地理信息科技出版资金资助 |
| ISBN 978-7-5030-4079-5:CNY68.00 |
| 本书较系统地论述了海道测量中潮汐及水位和潮流的观测、潮汐数据处理及潮汐参数计算的理论与方法、海道测量基准确定方法、观测手段基本原理等。全书共8章, 内容包括: 绪论、潮汐基础、水位观测与数据整理、海流与潮流现象及其观测等。 |
| ● |
| 相关链接 |
|
|
|
正题名:海道测量实用潮汐
索取号:U675.4/X313
 
预约/预借
| 序号 | 登录号 | 条形码 | 馆藏地/架位号 | 状态 | 备注 |
| 1 | 1408571 | 214085719 | 自科库501/501自科库 59排3列1层/ [索取号:U675.4/X313] | 在馆 | |
| 2 | 1408572 | 214085728 | 自科库501/501自科库 59排3列1层/ [索取号:U675.4/X313] | 在馆 |